Premier League Manager of the Year 1992-2014 - Statistics

General Stats
  • This quiz has been taken 746 times
  • The average score is 18 of 21
Answer Stats
Season Nationality Club Manager % Correct
1993/94 Scotland Manchester Utd Sir Alex Ferguson
100%
1995/96 Scotland Manchester Utd Sir Alex Ferguson
100%
1996/97 Scotland Manchester Utd Sir Alex Ferguson
100%
1998/99 Scotland Manchester Utd Sir Alex Ferguson
100%
1999/00 Scotland Manchester Utd Sir Alex Ferguson
100%
2002/03 Scotland Manchester Utd Sir Alex Ferguson
100%
2006/07 Scotland Manchester Utd Sir Alex Ferguson
100%
2007/08 Scotland Manchester Utd Sir Alex Ferguson
100%
2008/09 Scotland Manchester Utd Sir Alex Ferguson
100%
2010/11 Scotland Manchester Utd Sir Alex Ferguson
100%
2012/13 Scotland Manchester Utd Sir Alex Ferguson
100%
1997/98 France Arsenal Arsene Wenger
97%
2001/02 France Arsenal Arsene Wenger
97%
2003/04 France Arsenal Arsene Wenger
97%
2004/05 Portugal Chelsea Jose Mourinho
95%
2005/06 Portugal Chelsea Jose Mourinho
95%
2009/10 England Tottenham Hotspur Harry Redknapp
64%
1994/95 Scotland Blackburn Rovers Kenny Dalglish
63%
2011/12 England Newcastle Utd Alan Pardew
55%
2013/14 Wales Crystal Palace Tony Pulis
39%
2000/01 Scotland Ipswich Town George Burley
25%
No matching quizzes found
Score Distribution
Percent of People with Each Score
Percentile by Number Answered
Your Score History
You have not taken this quiz